| 000 | 00966nac a22003137a 4500 | ||
|---|---|---|---|
| 001 | BR9901995 | ||
| 003 | BR-BrBNA | ||
| 005 | 20240105122212.0 | ||
| 008 | 230509b bl.|||m| |||| 00| 0 por d | ||
| 040 |
_aBR-BrBNA _bpor _cBiblioteca Nacional de Agricultura |
||
| 072 | _aL02 | ||
| 090 | _a5300 BR9901995 | ||
| 100 | 1 | _aLima, G.J.M.M. de | |
| 100 | 1 | _aZanotto, D.L. | |
| 100 | 1 | _aPieniz, L.C. | |
| 100 | 1 | _aGuidoni, A.L. | |
| 100 | 1 | _aGuarienti, E.M. | |
| 110 | 1 | _aCentro Nacional de Pesquisa de Suinos e Aves, Concordia, SC (Brasil) | |
| 245 | 1 | _aO Trigo na alimentacao de suinos e aves | |
| 260 | 3 |
_aConcordia, SC (Brasil): _c1998. |
|
| 300 | _a2 p. | ||
| 490 |
_aComunicado Tecnico - Centro Nacional de Pesquisa de Suinos e Aves (Brazil) _vno. 221 _xISSN 0100-8862 |
||
| 650 | _aSuino | ||
| 650 | _aAve Domestica | ||
| 650 | _aTrigo | ||
| 650 | _aNutricao Animal | ||
| 909 |
_a202312 _bLúcia Elande _c55 _dLúcia Elande |
||
| 942 |
_2AGRIS _n0 _cMS |
||
| 999 |
_c289772 _d289772 |
||